Les noms anglais des Pokémon - Statistiques

Statistiques générales
  • Ce quiz a été pris 82 fois
    33 depuis la dernière actualisation
  • Le résultat moyen est 103 sur 1025
Statistiques - réponses
Français Anglais % Correct
Dracaufeu Charizard
79%
Pikachu Pikachu
75%
Tortank Blastoise
71%
Bulbizarre Bulbasaur
71%
Salamèche Charmander
67%
Raichu Raichu
67%
Rattata Rattata
63%
Carapuce Squirtle
63%
Evoli Eevee
58%
Abo Ekans
58%
Mew Mew
58%
Mewtwo Mewtwo
58%
Abra Abra
54%
Alakazam Alakazam
54%
Dardargnan Beedrill
54%
Papilusion Butterfree
54%
Herbizarre Ivysaur
54%
Kadabra Kadabra
54%
Miaouss Meowth
54%
Nidoking Nidoking
54%
Nidoqueen Nidoqueen
54%
Nidoran Nidoran
54%
Nidorina Nidorina
54%
Nidorino Nidorino
54%
Rattatac Raticate
54%
Arcanin Arcanine
50%
Mélo Cleffa
50%
Voltali Jolteon
50%
Mackogneur Machamp
50%
Magnéti Magnemite
50%
Onix Onix
50%
Roucarnage Pidgeot
50%
Florizarre Venusaur
50%
Chenipan Caterpie
46%
Reptincel Charmeleon
46%
Mélodelfe Clefable
46%
Taupiqueur Diglett
46%
Dodrio Dodrio
46%
Doduo Doduo
46%
Triopikeur Dugtrio
46%
Canarticho Farfetch'd
46%
Rapasdepic Fearow
46%
Ectoplasma Gengar
46%
Racaillou Geodude
46%
Léviator Gyarados
46%
Rondoudou Jigglypuff
46%
Kabuto Kabuto
46%
Lokhlass Lapras
46%
Magicarpe Magikarp
46%
Sulfura Moltres
46%
Grotadmorv Muk
46%
Feunard Ninetales
46%
Paras Paras
46%
Parasect Parasect
46%
Roucoups Pidgeotto
46%
Porygon Porygon
46%
Psykokwak Psyduck
46%
Galopa Rapidash
46%
Sablaireau Sandslash
46%
Carabaffe Wartortle
46%
Electhor Zapdos
46%
Arbok Arbok
42%
Artikodin Articuno
42%
Mélofée Clefairy
42%
Métamorph Ditto
42%
Dracolosse Dragonite
42%
Grolem Golem
42%
Kabutops Kabutops
42%
Persian Persian
42%
Flagadoss Slowbro
42%
Ramoloss Slowpoke
42%
Piafabec Spearow
42%
Tauros Tauros
42%
Voltorbe Voltorb
42%
Aspicot Weedle
42%
Nosférapti Zubat
42%
Leveinard Chansey
38%
Pyroli Flareon
38%
Fantominus Gastly
38%
Hypnomade Hypno
38%
Coconfort Kakuna
38%
Magnéton Magneton
38%
Ossatueur Marowak
38%
Roucool Pidgey
38%
Ponyta Ponyta
38%
Sabelette Sandshrew
38%
Ronflex Snorlax
38%
Steelix Steelix
38%
Tentacool Tentacool
38%
Tentacruel Tentacruel
38%
Aquali Vaporeon
38%
Goupix Vulpix
38%
Electrode Electrode
33%
Akwakwak Golduck
33%
Lippoutou Jynx
33%
Machopeur Machoke
33%
Machoc Machop
33%
Snubbull Snubbull
33%
Staross Starmie
33%
Saquedneu Tangela
33%
Grodoudou Wigglytuff
33%
Xatu Xatu
33%
Azumarill Azumarill
29%
Celebi Celebi
29%
Granbull Granbull
29%
Caninos Growlithe
29%
Kicklee Hitmonlee
29%
Ho-Oh Ho-Oh
29%
Kangourex Kangaskhan
29%
Krabby Krabby
29%
Lugia Lugia
29%
Marill Marill
29%
M. Mime Mr. Mime
29%
Natu Natu
29%
Mystherbe Oddish
29%
Pichu Pichu
29%
Colossinge Primeape
29%
Rhinoféros Rhydon
29%
Rhinocorne Rhyhorn
29%
Togepi Togepi
29%
Togetic Togetic
29%
Smogogo Weezing
29%
Ptéra Aerodactyl
25%
Minidraco Dratini
25%
Soporifik Drowzee
25%
Elektek Electabuzz
25%
Entei Entei
25%
Tadmorv Grimer
25%
Groudon Groudon
25%
Tygnon Hitmonchan
25%
Hoothoot Hoothoot
25%
Kyogre Kyogre
25%
Magmar Magmar
25%
Férosinge Mankey
25%
Meganium Meganium
25%
Chrysacier Metapod
25%
Tartard Poliwrath
25%
Porygon2 Porygon2
25%
Raikou Raikou
25%
Rayquaza Rayquaza
25%
Insécateur Scyther
25%
Suicune Suicune
25%
Typhlosion Typhlosion
25%
Tyranocif Tyranitar
25%
Yanma Yanma
25%
Absol Absol
21%
Altaria Altaria
21%
Azurill Azurill
21%
Chétiflor Bellsprout
21%
Braségali Blaziken
21%
Germignon Chikorita
21%
Nostenfer Crobat
21%
Osselait Cubone
21%
Deoxys Deoxys
21%
Lamantine Dewgong
21%
Draco Dragonair
21%
Elekid Elekid
21%
Mentali Espeon
21%
Noadkoko Exeggutor
21%
Nosféralto Golbat
21%
Spectrum Haunter
21%
Kapoera Hitmontop
21%
Hypotrempe Horsea
21%
Jirachi Jirachi
21%
Hyporoi Kingdra
21%
Krabboss Kingler
21%
Smogo Koffing
21%
Excelangue Lickitung
21%
Amonistar Omastar
21%
Scarabrute Pinsir
21%
Tétarte Poliwhirl
21%
Porygon-Z Porygon-Z
21%
Ténéfix Sableye
21%
Airmure Skarmory
21%
Roigada Slowking
21%
Stari Staryu
21%
Teddiursa Teddiursa
21%
Noctali Umbreon
21%
Zarbi Unown
21%
Ursaring Ursaring
21%
Rafflesia Vileplume
21%
Galeking Aggron
17%
Arceus Arceus
17%
Chapignon Breloom
17%
Delcatty Delcatty
17%
Noeunoeuf Exeggcute
17%
Foretress Forretress
17%
Gallame Gallade
17%
Gardevoir Gardevoir
17%
Ortide Gloom
17%
Poissirène Goldeen
17%
Gravalanch Graveler
17%
Hariyama Hariyama
17%
Hoopa Hoopa
17%
Démolosse Houndoom
17%
Latias Latias
17%
Latios Latios
17%
Lombre Lombre
17%
Ludicolo Ludicolo
17%
Luxio Luxio
17%
Luxray Luxray
17%
Magby Magby
17%
Magnézone Magnezone
17%
Makuhita Makuhita
17%
Métalosse Metagross
17%
Milobellus Milotic
17%
Mime Jr. Mime Jr.
17%
Ninjask Ninjask
17%
Posipi Plusle
17%
Qwilfish Qwilfish
17%
Tarsal Ralts
17%
Regice Regice
17%
Regirock Regirock
17%
Registeel Registeel
17%
Jungko Sceptile
17%
Otaria Seel
17%
Skitty Skitty
17%
Spinda Spinda
17%
Togekiss Togekiss
17%
Poussifeu Torchic
17%
Kaiminus Totodile
17%
Empiflor Victreebel
17%
Wailmer Wailmer
17%
Wailord Wailord
17%
Xerneas Xerneas
17%
Yanmega Yanmega
17%
Yveltal Yveltal
17%
Zigzaton Zigzagoon
17%
Zygarde Zygarde
17%
Pharamp Ampharos
13%
Branette Banette
13%
Charmillon Beautifly
13%
Leuphorie Blissey
13%
Archéomire Bronzor
13%
Camérupt Camerupt
13%
Carvanha Carvanha
13%
Crustabri Cloyster
13%
Cresselia Cresselia
13%
Darkrai Darkrai
13%
Archéduc Decidueye
13%
Dedenne Dedenne
13%
Dialga Dialga
13%
Diancie Diancie
13%
Donphan Donphan
13%
Insolourdo Dunsparce
13%
Emolga Emolga
13%
Aligatueur Feraligatr
13%
Flotte-Mèche Flutter Mane
13%
Libégon Flygon
13%
Girafarig Girafarig
13%
Giratina Giratina
13%
Givrali Glaceon
13%
Oniglali Glalie
13%
Heatran Heatran
13%
Scarhino Heracross
13%
Kirlia Kirlia
13%
Trousselin Klefki
13%
Lanturn Lanturn
13%
Linéon Linoone
13%
Lockpin Lopunny
13%
Lucario Lucario
13%
Manaphy Manaphy
13%
Wattouat Mareep
13%
Charmina Medicham
13%
Meditikka Meditite
13%
Négapi Minun
13%
Feuforêve Misdreavus
13%
Morpeko Morpeko
13%
Sonistrelle Noibat
13%
Tarinor Nosepass
13%
Octillery Octillery
13%
Amonita Omanyte
13%
Pachirisu Pachirisu
13%
Palkia Palkia
13%
Phanpy Phanpy
13%
Phione Phione
13%
Tiplouf Piplup
13%
Ptitard Poliwag
13%
Médhyena Poochyena
13%
Maraiste Quagsire
13%
Regigigas Regigigas
13%
Relicanth Relicanth
13%
Riolu Riolu
13%
Drattak Salamence
13%
Mascaiman Sandile
13%
Cizayox Scizor
13%
Hypocéan Seadra
13%
Poissoroy Seaking
13%
Sharpedo Sharpedo
13%
Shaymin Shaymin
13%
Kokiyas Shellder
13%
Farfuret Sneasel
13%
Obalie Spheal
13%
Spiritomb Spiritomb
13%
Spoink Spoink
13%
Laggron Swampert
13%
Togedemaru Togedemaru
13%
Kraknoix Trapinch
13%
Tropius Tropius
13%
Tortipouss Turtwig
13%
Ursaking Ursaluna
13%
Aéromite Venomoth
13%
Mimitoss Venonat
13%
Victini Victini
13%
Volcanion Volcanion
13%
Axoloto Wooper
13%
Zoroark Zoroark
13%
Zorua Zorua
13%
Exagide Aegislash
8%
Anorith Anorith
8%
Armaldo Armaldo
8%
Carmadura Armarouge
8%
Galekid Aron
8%
Nanméouie Audino
8%
Balbuto Baltoy
8%
Macronium Bayleef
8%
Joliflor Bellossom
8%
Archéodong Bronzong
8%
Cacturne Cacturne
8%
Lugulabre Chandelure
8%
Ouisticram Chimchar
8%
Terraiste Clodsire
8%
Galifeu Combusken
8%
Héricendre Cyndaquil
8%
Solochi Deino
8%
Noctunoir Dusknoir
8%
Elekable Electivire
8%
Pingoléon Empoleon
8%
Barpau Feebas
8%
Momartik Froslass
8%
Carchacrok Garchomp
8%
Genesect Genesect
8%
Scorplane Gligar
8%
Scorvol Gliscor
8%
Amphinobi Greninja
8%
Angoliath Grimmsnarl
8%
Massko Grovyle
8%
Brutalibré Hawlucha
8%
Malosse Houndour
8%
Trioxhydre Hydreigon
8%
Simiabraz Infernape
8%
Tic Klink
8%
Koraidon Koraidon
8%
Kyurem Kyurem
8%
Embrylex Larvitar
8%
Phyllali Leafeon
8%
Coudlangue Lickilicky
8%
Lunala Lunala
8%
Séléroc Lunatone
8%
Maganon Magmortar
8%
Mammochon Mamoswine
8%
Démanta Mantine
8%
Marshadow Marshadow
8%
Mysdibule Mawile
8%
Méloetta Meloetta
8%
Métang Metang
8%
Ecrémeuh Miltank
8%
Mimiqui Mimikyu
8%
Miraidon Miraidon
8%
Gobou Mudkip
8%
Munna Munna
8%
Necrozma Necrozma
8%
Noarfang Noctowl
8%
Chamallot Numel
8%
Tarpaud Politoed
8%
Oratoria Primarina
8%
Regidrago Regidrago
8%
Regieleki Regieleki
8%
Rémoraid Remoraid
8%
Reshiram Reshiram
8%
Vrombotor Revavroom
8%
Rosélia Roselia
8%
Motisma Rotom
8%
Brindibou Rowlet
8%
Séviper Seviper
8%
Lixy Shinx
8%
Silvallié Silvally
8%
Monaflémit Slaking
8%
Limagma Slugma
8%
Queulorior Smeargle
8%
Vipélierre Snivy
8%
Frissonille Snom
8%
Solgaleo Solgaleo
8%
Solaroc Solrock
8%
Etouraptor Staraptor
8%
Etourmi Starly
8%
Simularbre Sudowoodo
8%
Tylton Swablu
8%
Nymphali Sylveon
8%
Chartor Torkoal
8%
Arcko Treecko
8%
Dimoret Weavile
8%
Qulbutoké Wobbuffet
8%
Chovsourir Woobat
8%
Okéoké Wynaut
8%
Zacian Zacian
8%
Zamazenta Zamazenta
8%
Mangriff Zangoose
8%
Zarude Zarude
8%
Zekrom Zekrom
8%
Zeraora Zeraora
8%
Blizzaroi Abomasnow
4%
Charmilly Alcremie
4%
Amagara Amaura
4%
Courrousinge Annihilape
4%
Verpom Applin
4%
Tarenbulle Araquanid
4%
Arboliva Arboliva
4%
Dragmara Aurorus
4%
Séracrawl Avalugg
4%
Coupenotte Axew
4%
Créfadet Azelf
4%
Draby Bagon
4%
Barloche Barboach
4%
Paragruel Basculegion
4%
Bargantua Basculin
4%
Polagriffe Beartic
4%
Terhal Beldum
4%
Keunotor Bidoof
4%
Manzai Bonsly
4%
Roussil Braixen
4%
Gueriaigle Braviary
4%
Fongus-Furie Brute Bonnet
4%
Rozbouton Budew
4%
Mustébouée Buizel
4%
Laporeille Buneary
4%
Mouscoto Buzzwole
4%
Cacnéa Cacnea
4%
Sylveroy Calyrex
4%
Strassie Carbink
4%
Wagomine Carkol
4%
Vortente Carnivine
4%
Armulys Cascoon
4%
Morpheo Castform
4%
Balbalèze Cetitan
4%
Piétacé Cetoddle
4%
Khélocrok Chewtle
4%
Baojian Chien-Pao
4%
Eoko Chimecho
4%
Pyrobut Cinderace
4%
Flingouste Clauncher
4%
Monthracite Coalossal
4%
Cobaltium Cobalion
4%
Tutankafer Cofagrigus
4%
Apitrini Combee
4%
Bétochef Conkeldurr
4%
Corvaillus Corviknight
4%
Bleuseille Corvisquire
4%
Cosmog Cosmog
4%
Kranidos Cranidos
4%
Cradopaud Croagunk
4%
Crocrodil Croconaw
4%
Bombydou Cutiefly
4%
Motorizard Cyclizar
4%
Darumacho Darmanitan
4%
Cadoizo Delibird
4%
Goupelin Delphox
4%
Mateloutre Dewott
4%
Oyacata Dondozo
4%
Dimoclès Doublade
4%
Kravarech Dragalge
4%
Grodrive Drifblim
4%
Baudrive Drifloon
4%
Drakkarmin Druddigon
4%
Couaneton Ducklett
4%
Deusolourdo Dudunsparce
4%
Skélénox Duskull
4%
Papinox Dustox
4%
Roitiflam Emboar
4%
Amovénus Enamorus
4%
Minotaupe Excadrill
4%
Farigiraf Farigiraf
4%
Feunnec Fennekin
4%
Favianos Fezandipiti
4%
Lainergie Flaaffy
4%
Flabébé Flabebe
4%
Braisillon Fletchinder
4%
Passerouge Fletchling
4%
Mustéflott Floatzel
4%
Floette Floette
4%
Florges Florges
4%
Beldeneige Frosmoth
4%
Chochodile Fuecoco
4%
Carmache Gabite
4%
Mygavolt Galvantula
4%
Gromago Gholdengo
4%
Griknot Gible
4%
Mordudor Gimmighoul
4%
Chevroum Gogoat
4%
Gringolem Golett
4%
Muplodocus Goodra
4%
Scrutella Gothita
4%
Sidérella Gothitelle
4%
Feu-Perçant Gouging Fire
4%
Iguolta Heliolisk
4%
Galvaran Helioptile
4%
Hippodocus Hippowdon
4%
Monorpale Honedge
4%
Granivol Hoppip
4%
Toudoudou Igglybuff
4%
Lumivole Illumise
4%
Félinferno Incineroar
4%
Lézargus Inteleon
4%
Roc-de-Fer Iron Boulder
4%
Bébécaille Jangmo-o
4%
Carabing Karrablast
4%
Kecleon Kecleon
4%
Keldeo Keldeo
4%
Scalpereur Kingambit
4%
Clic Klang
4%
Cliticlic Klinklang
4%
Ekaïser Kommo-o
4%
Mélokrik Kricketune
4%
Galegon Lairon
4%
Démétéros Landorus
4%
Manternel Leavanny
4%
Coxyclaque Ledian
4%
Lillia Lileep
4%
Fragilady Lilligant
4%
Gambex Lokix
4%
Nénupiot Lotad
4%
Lovdisc Luvdisc
4%
Dogrino Mabostiff
4%
Magearna Magearna
4%
Elecsprint Manectric
4%
Babimanta Mantyke
4%
Flobio Marshtomp
4%
Maskadra Masquerain
4%
Famignol Maushold
4%
Melmétal Melmetal
4%
Meltan Meltan
4%
Miascarade Meowscarada
4%
Mistigrix Meowstic
4%
Créfollet Mesprit
4%
Kungfouine Mienfoo
4%
Shaofouine Mienshao
4%
Grahyena Mightyena
4%
Magirêve Mismagius
4%
Chimpenfeu Monferno
4%
Papilord Mothim
4%
Cornèbre Murkrow
4%
Mushana Musharna
4%
Selutin Nacli
4%
Mandrillon Naganadel
4%
Ningale Nincada
4%
Bruyverne Noivern
4%
Pifeuil Nuzleaf
4%
Lilliterelle Nymble
4%
Ogerpon Ogerpon
4%
Astronelle Orbeetle
4%
Plumeline Oricorio
4%
Moustillon Oshawott
4%
Trépassable Palossand
4%
Pandespiègle Pancham
4%
Pandarbare Pangoro
4%
Feuillajou Pansage
4%
Flamajou Pansear
4%
Quartermac Passimian
4%
Pohm Pawmi
4%
Pohmotte Pawmo
4%
Békipan Pelipper
4%
Picassaut Pikipek
4%
Poltchageist Poltchageist
4%
Polthégeist Polteageist
4%
Otaquin Popplio
4%
Tarinorme Probopass
4%
Ymphect Pupitar
4%
Chacripan Purrloin
4%
Némélios Pyroar
4%
Concombaffe Pyukumuku
4%
Feurisson Quilava
4%
Symbios Reuniclus
4%
Rhinastoc Rhyperior
4%
Rubombelle Ribombee
4%
Minisange Rookidee
4%
Roserade Roserade
4%
Clamiral Samurott
4%
Dunaconda Sandaconda
4%
Haydaim Sawsbuck
4%
Brutapode Scolipede
4%
Grainipiot Seedot
4%
Larveyette Sewaddle
4%
Munja Shedinja
4%
Balignon Shroomish
4%
Caratroc Shuckle
4%
Polichombr Shuppet
4%
Palarticho Sirfetch'd
4%
Flâmigator Skeledirge
4%
Cabriolaine Skiddo
4%
Parecool Slakoth
4%
Colimucus Sliggoo
4%
Olivini Smoliv
4%
Lippouti Smoochum
4%
Farfurex Sneasler
4%
Stalgamin Snorunt
4%
Filentrappe Spidops
4%
Tapatoès Squawkabilly
4%
Etourvol Staravia
4%
Héliatronc Sunflora
4%
Tournegrin Sunkern
4%
Lakmégyne Swanna
4%
Hélédelle Swellow
4%
Marcacrin Swinub
4%
Nirondelle Taillow
4%
Flambusard Talonflame
4%
Tokotoro Tapu Bulu
4%
Tokopisco Tapu Fini
4%
Tokorico Tapu Koko
4%
Tokopiyon Tapu Lele
4%
Gruikui Tepig
4%
Terrakium Terrakion
4%
Judokrak Throh
4%
Fulguris Thundurus
4%
Charpenti Timburr
4%
Terracool Toedscool
4%
Terracruel Toedscruel
4%
Boréas Tornadus
4%
Matoufeu Torracat
4%
Torterra Torterra
4%
Prédastérie Toxapex
4%
Salarsen Toxtricity
4%
Débugant Tyrogue
4%
Shifours Urshifu
4%
Créhelf Uxie
4%
Sorbébé Vanillite
4%
Sorbouboul Vanilluxe
4%
Apireine Vespiquen
4%
Vibraninf Vibrava
4%
Vigoroth Vigoroth
4%
Viridium Virizion
4%
Prismillon Vivillon
4%
Muciole Volbeat
4%
Pyrax Volcarona
4%
Zapétrel Wattrel
4%
Boustiflor Weepinbell
4%
Moumouton Wooloo
4%
Chenipotte Wurmple
4%
Cablifère Xurkitree
4%
Zéblitz Zebstrika
4%
Diamat Zweilous
4%
Limaspeed Accelgor
0%
Capumain Aipom
0%
Mamanbo Alomomola
0%
Capidextre Ambipom
0%
Gaulet Amoonguss
0%
Dratatin Appletun
0%
Pondralugon Archaludon
0%
Arkéapti Archen
0%
Aéroptéryx Archeops
0%
Cryodo Arctibax
0%
Hydragla Arctovish
0%
Hydragon Arctozolt
0%
Migalos Ariados
0%
Cocotine Aromatisse
0%
Embrochet Arrokuda
0%
Golgopathe Barbaracle
0%
Hastacuda Barraskewda
0%
Bastiodon Bastiodon
0%
Glaivodo Baxcalibur
0%
Neitram Beheeyem
0%
Ampibidou Bellibolt
0%
Grelaçon Bergmite
0%
Chelours Bewear
0%
Castorno Bibarel
0%
Opermine Binacle
0%
Scalproie Bisharp
0%
Pierroteknik Blacephalon
0%
Larvadar Blipbug
0%
Zébibron Blitzle
0%
Géolithe Boldore
0%
Fulgudog Boltund
0%
Lestombaile Bombirdier
0%
Frison Bouffalant
0%
Croquine Bounsweet
0%
Virevorreur Brambleghast
0%
Virovent Bramblin
0%
Otarlette Brionne
0%
Denticrisse Bruxish
0%
Sapereau Bunnelby
0%
Cheniti Burmy
0%
Pimito Capsakid
0%
Mégapagos Carracosta
0%
Bamboiselle Celesteela
0%
Scolocendre Centiskorch
0%
Malvalame Ceruledge
0%
Charbambin Charcadet
0%
Chrysapile Charjabug
0%
Pijako Chatot
0%
Ceriflor Cherrim
0%
Ceribou Cherubi
0%
Blindépique Chesnaught
0%
Marisson Chespin
0%
Loupio Chinchou
0%
Korillon Chingling
0%
Yuyu Chi-Yu
0%
Pashmilla Cinccino
0%
Coquiperl Clamperl
0%
Gamblast Clawitzer
0%
Kaorine Claydol
0%
Poulpaf Clobbopus
0%
Guérilande Comfey
0%
Pachyradjah Copperajah
0%
Ecrapince Corphish
0%
Corayon Corsola
0%
Cosmovum Cosmoem
0%
Doudouvet Cottonee
0%
Crabominable Crabominable
0%
Crabagarre Crabrawler
0%
Vacilys Cradily
0%
Nigosier Cramorant
0%
Colhomard Crawdaunt
0%
Crocogril Crocalor
0%
Crabaraque Crustle
0%
Hexagel Cryogonal
0%
Polarhume Cubchoo
0%
Charibari Cufant
0%
Corayôme Cursola
0%
Briochien Dachsbun
0%
Effléche Dartrix
0%
Darumarond Darumaka
0%
Vivaldaim Deerling
0%
Araqua Dewpider
0%
Sinistrail Dhelmise
0%
Excavarenne Diggersby
0%
Pomdramour Dipplin
0%
Olivado Dolliv
0%
Coléodome Dottler
0%
Galvagla Dracovish
0%
Galvagon Dracozolt
0%
Lanssorien Dragapult
0%
Dispareptil Drakloak
0%
Draïeul Drampa
0%
Drascore Drapion
0%
Torgamord Drednaw
0%
Fantyrm Dreepy
0%
Rototaupe Drilbur
0%
Arrozard Drizzile
0%
Moumouflon Dubwool
0%
Méios Duosion
0%
Duralugon Duraludon
0%
Fermite Durant
0%
Téraclope Dusclops
0%
Crabicoque Dwebble
0%
Lampéroie Eelektrik
0%
Ohmassacre Eelektross
0%
Bekaglaçon Eiscue
0%
Blancoton Eldegoss
0%
Dynavolt Electrike
0%
Lewsor Elgyem
0%
Lançargot Escavalier
0%
Cléopsytra Espathra
0%
Psystigri Espurr
0%
Ethernatos Eternatus
0%
Brouhabam Exploud
0%
Hexadron Falinks
0%
Grindur Ferroseed
0%
Noacier Ferrothorn
0%
Pâtachiot Fidough
0%
Dofin Finizen
0%
Ecayon Finneon
0%
Flamenroule Flamigo
0%
Pomdrapi Flapple
0%
Flotillon Flittle
0%
Matourgeon Floragato
0%
Mimantis Fomantis
0%
Trompignon Foongus
0%
Incisache Fraxure
0%
Frigodo Frigibax
0%
Viskuse Frillish
0%
Grenousse Froakie
0%
Croâporal Frogadier
0%
Couafarel Furfrou
0%
Fouinar Furret
0%
Miasmax Garbodor
0%
Gigansel Garganacl
0%
Tritosor Gastrodon
0%
Gigalithe Gigalith
0%
Chaglam Glameow
0%
Blizzeval Glastrier
0%
Germéclat Glimmet
0%
Floréclat Glimmora
0%
Sarmuraï Golisopod
0%
Golemastoc Golurk
0%
Mucuscule Goomy
0%
Rosabyss Gorebyss
0%
Tournicoton Gossifleur
0%
Mésmerella Gothorita
0%
Banshitrouye Gourgeist
0%
Tag-Tag Grafaiai
0%
Krakos Grapploct
0%
Fort-Ivoire Great Tusk
0%
Toutombe Greavard
0%
Rongrigou Greedent
0%
Ouistempo Grookey
0%
Boskara Grotle
0%
Larvibule Grubbin
0%
Groret Grumpig
0%
Gloupti Gulpin
0%
Argouste Gumshoos
0%
Ouvrifier Gurdurr
0%
Engloutyran Guzzlord
0%
Ecaïd Hakamo-o
0%
Ptiravi Happiny
0%
Bibichut Hatenna
0%
Sorcilence Hatterene
0%
Chapotus Hattrem
0%
Tranchodon Haxorus
0%
Aflamanoir Heatmor
0%
Ponchien Herdier
0%
Hippopotas Hippopotas
0%
Corboss Honchkrow
0%
Tomberro Houndstone
0%
Serpang Huntail
0%
Pomdorochi Hydrapple
0%
Grimalin Impidimp
0%
Wimessir Indeedee
0%
Sépiatop Inkay
0%
Hotte-de-Fer Iron Bundle
0%
Chef-de-Fer Iron Crown
0%
Paume-de-Fer Iron Hands
0%
Têtes-de-Fer Iron Jugulis
0%
Vert-de-Fer Iron Leaves
0%
Mite-de-Fer Iron Moth
0%
Épine-de-Fer Iron Thorns
0%
Roue-de-Fer Iron Treads
0%
Garde-de-Fer Iron Valliant
0%
Moyade Jellicent
0%
Statitik Joltik
0%
Cotovol Jumpluff
0%
Katagami Kartana
0%
Fulgulairo Kilowattrel
0%
Craparoi Klawf
0%
Hachécateur Kleavor
0%
Dodoala Komala
0%
Crikzik Kricketot
0%
Escroco Krokorok
0%
Crocorible Krookodile
0%
Wushours Kubfu
0%
Mélancolux Lampent
0%
Pyronille Larvesta
0%
Gourmelet Lechonk
0%
Coxy Ledyba
0%
Léopardus Liepard
0%
Ponchiot Lillipup
0%
Hélionceau Litleo
0%
Flamiaou Litten
0%
Funécire Litwick
0%
Ramboum Loudred
0%
Luminéon Lumineon
0%
Floramantis Lurantis
0%
Lougaroc Lycanroc
0%
Volcaropod Magcargo
0%
Sépiatroce Malamar
0%
Vaututrice Mandibuzz
0%
Maracachi Maractus
0%
Vorastérie Mareanie
0%
Grondogue Maschiff
0%
Crémy Milcery
0%
Chinchidou Minccino
0%
Météno Minior
0%
Spododo Morelull
0%
Fourbelin Morgrem
0%
M. Glaquette Mr. Rime
0%
Tiboudet Mudbray
0%
Bourrinos Mudsdale
0%
Goinfrex Munchlax
0%
Fortusimia Munkidori
0%
Amassel Naclstack
0%
Goupilou Nickit
0%
Zeroïd Nihilego
0%
Ixon Obstagoon
0%
Fragroin Oinkologne
0%
Félicanis Okidogi
0%
Gouroutan Oranguru
0%
Ferdeter Orthworm
0%
Qwilpik Overqwil
0%
Superdofin Palafin
0%
Batracné Palpitoad
0%
Flotajou Panpour
0%
Ratentif Patrat
0%
Pohmarmotte Pawmot
0%
Scalpion Pawniard
0%
Pêchaminus Pecharunt
0%
Berserkatt Perrserker
0%
Cholrobulle Petilil
0%
Brocelôme Phantump
0%
Cancrelove Pheromosa
0%
Poichigeon Pidove
0%
Grotichon Pignite
0%
Cochignon Piloswine
0%
Wattapik Pincurchin
0%
Pomdepik Pineco
0%
Vémini Poipole
0%
Prinplouf Prinplup
0%
Pitrouille Pumpkaboo
0%
Chaffreux Purugly
0%
Palmaval Quaquaval
0%
Coiffeton Quaxly
0%
Canarbello Quaxwell
0%
Boguérisse Quilladin
0%
Lapyro Raboot
0%
Bérasca Rabsca
0%
Ire-Foudre Raging Bolt
0%
Charkos Rampardos
0%
Léboulérou Rellor
0%
Gorythmic Rillaboom
0%
Rugit-Lune Roaring Moon
0%
Rocabot Rockruff
0%
Nodulithe Roggenrola
0%
Charbi Rolycoly
0%
Furaiglon Rufflet
0%
Tutétékri Runerigus
0%
Tritox Salandit
0%
Malamandre Salazzle
0%
Bacabouh Sandygast
0%
Pelage-Sablé Sandy Shocks
0%
Karaclée Sawk
0%
Lépidonille Scatterbug
0%
Flambino Scorbunny
0%
Scovilain Scovillain
0%
Baggaïd Scrafty
0%
Baggiguane Scraggy
0%
Hurle-Queue Scream Tail
0%
Phogleur Sealeo
0%
Crapustule Seismitoad
0%
Fouinette Sentret
0%
Majaspic Serperior
0%
Lianaja Servine
0%
Drackhaus Shelgon
0%
Sancoki Shellos
0%
Escargaume Shelmet
0%
Dinoclier Shieldon
0%
Tengalice Shiftry
0%
Lampignon Shiinotic
0%
Gribouraigne Shroodle
0%
Cryptéro Sigilyph
0%
Blindalys Silcoon
0%
Dunaja Sillicobra
0%
Flotoutan Simipour
0%
Feuiloutan Simisage
0%
Flamoutan Simisear
0%
Théffroyable Sinistcha
0%
Théffroi Sinistea
0%
Grillepattes Sizzlipede
0%
Floravol Skiploom
0%
Rapion Skorupi
0%
Venalgue Skrelp
0%
Moufflair Skuntank
0%
Rongourmand Skwovet
0%
Rampe-Ailes Slither Wings
0%
Cupcanaille Slurpuff
0%
Blizzi Snover
0%
Larméléon Sobble
0%
Nucléos Solosis
0%
Spectreval Spectrier
0%
Pérégrain Spewpa
0%
Mimigal Spinarak
0%
Poussacha Sprigatito
0%
Fluvetin Spritzee
0%
Ama-Ama Stakataka
0%
Cerfrousse Stantler
0%
Candine Steenee
0%
Dolman Stonjourner
0%
Mastouffe Stoutland
0%
Nounourson Stufful
0%
Limonde Stunfisk
0%
Moufouette Stunky
0%
Arakdo Surskit
0%
Couverdure Swadloon
0%
Avaltout Swalot
0%
Sucroquin Swirlix
0%
Rhinolove Swoobat
0%
Têtampoule Tadbulb
0%
Compagnol Tandemaus
0%
Bouldeneu Tangrowth
0%
Tissenboule Tarountula
0%
Nigirigon Tatsugiri
0%
Terapagos Terapagos
0%
Roublenard Thievul
0%
Badabouin Thwackey
0%
Dinglu Ting-Lu
0%
Forgerette Tinkatink
0%
Forgelina Tinkaton
0%
Forgella Tinkatuff
0%
Carapagos Tirtouga
0%
Bazoucan Toucannon
0%
Toxizap Toxel
0%
Coatox Toxicroak
0%
Colombeau Tranquill
0%
Désseliande Trevenant
0%
Miamiasme Trubbish
0%
Piclairon Trumbeak
0%
Sucreine Tsareena
0%
Boumata Turtonator
0%
Tritonde Tympole
0%
Anchwatt Tynamo
0%
Type:0 Type: Null
0%
Rexillius Tyrantrum
0%
Ptyranidur Tyrunt
0%
Déflaisan Unfezant
0%
Sorboul Vanillish
0%
Vrombi Varoom
0%
Délestin Veluza
0%
Venipatte Venipede
0%
Lucanon Vikavolt
0%
Vostourno Vullaby
0%
Serpente-Eau Walking Wake
0%
Kaimose Walrein
0%
Miradar Watchog
0%
Farfaduvet Whimsicott
0%
Scobolide Whirlipede
0%
Barbicha Whiscash
0%
Chuchmur Whismur
0%
Taupikeau Wiglett
0%
Sovkipou Wimpod
0%
Goélise Wingull
0%
Froussardine Wishiwashi
0%
Chongjian Wo-Chien
0%
Cheniselle Wormadam
0%
Triopikeau Wugtrio
0%
Cerbyllin Wyrdeer
0%
Tutafeh Yamask
0%
Voltoutou Yamper
0%
Manglouton Yungoos
0%
Aucun quiz correspondant
Distribution des résultats
% des personnes avec chaque résultat
Percentile par nombre de réponses
Votre historique - résultats
Vous n’avez pas pris ce quiz depuis la dernière actualisation